Používania Phyton knižnice ako open source prostredia na výpočet rovnováhy pri maticovej hre

Možnosti využitia Phyton knižnice na výpočet maticovej hry a Nashovej rovnováhy. Niekoľko príkladov výpočtu maticovej hry v Phyton.

Saved in:
Bibliographic Details
Main Author: Sequeira Lopez, Allan Jose, 1986-
Format: Book Chapter
Language:Slovak
Subjects:
Tags: Add Tag
No Tags, Be the first to tag this record!

MARC

LEADER 00000naa$a2200000$$$4500
001 0261056
005 20240502074137.9
041 0 |a slo 
044 |a SK 
245 1 0 |a Používania Phyton knižnice ako open source prostredia na výpočet rovnováhy pri maticovej hre  |c Allan Jose Sequeira Lopez 
520 |a Možnosti využitia Phyton knižnice na výpočet maticovej hry a Nashovej rovnováhy. Niekoľko príkladov výpočtu maticovej hry v Phyton. 
610 2 0 |a rovnováha 
610 2 0 |a teória hier 
610 2 0 |a matice 
610 2 0 |a analýza dát 
610 2 0 |a jazyky programovacie 
100 1 |a Sequeira Lopez, Allan Jose, 1986-